| 000 | 00415nam a2200157Ia 4500 | ||
|---|---|---|---|
| 005 | 20250404095258.0 | ||
| 008 | 231217s9999 xx 000 0 und d | ||
| 020 | _a9788178815572 | ||
| 082 | _a658.8342 TAH;1 R | ||
| 100 | _aTaher, Nasreen ed. | ||
| 245 | 0 | _aIndian consumer : a changing profile | |
| 260 |
_c2005 _bIcfai _aHyderabad |
||
| 300 | _av, 206 | ||
| 650 | _aconsumer,changing,profile | ||
| 942 | _cAA | ||
| 999 |
_c191482 _d191482 |
||